000 00289nam a22001337a 4500
008 171130b xxu||||| |||| 00| 0 eng d
020 _a9780201494006
041 _aeng
080 _a37
100 _a46
101 _aEDU
245 _aACTIVE LEARNING FOR FOURS
_cCRYER
942 _2udc
_cBK
999 _c38640
_d38640